OBJECTION! - Statistics

General Stats
  • This quiz has been taken 6 times
  • The average score is 3 of 10
Answer Stats
Hint Answer % Correct
(Direct)Didn't you see the lumberjack before going to the village? Leading
75%
(Direct)When and where were you on the day of the incident? Compound
50%
(Cross)You overheard Papa Bear say "This was a great walk," before the family came into the house, correct? Hearsay
50%
(Cross)You broke into the bear's house, correct? So you entered the three bear's house without their consent, correct? Asked and Answered
25%
(Direct) How much on a scale of 1 to 10 do you like the taste of porridge? Relevance
25%
(Cross)You would have to break into somebody's house if you were cold and there was no other choice, correct? Speculation
25%
(Cross) You stated in your testimony that you ate some of the bear's porridge, correct? Argumentative
0%
(Direct) What do you think about Goldilocks? Improper Opinion
0%
(Direct)I am handing you what has been marked as exhibit A for identification purposes, do you recognize this camera footage? This exhibit has not been admitted into evidence
0%
(Direct) What did the people you were with do? Vague
0%
No matching quizzes found
Score Distribution
Percent of People with Each Score
Percentile by Number Answered
Your Score History
You have not taken this quiz